Devon Train Stations - Statistics

General Stats
  • This quiz has been taken 79 times
  • The average score is 28 of 51
Answer Stats
Station % Correct
Exeter St Davids
97%
Plymouth
97%
Exeter Central
91%
Torquay
89%
Newton Abbot
88%
Totnes
88%
Dawlish
86%
Exmouth
85%
Barnstaple
82%
Paignton
82%
Okehampton
79%
Dawlish Warren
77%
Exeter St Thomas
71%
Honiton
71%
Ivybridge
71%
Teignmouth
71%
Starcross
68%
Crediton
67%
Tiverton Parkway
67%
Torre
62%
St James Park
61%
Axminster
59%
Lympstone Commando
58%
Topsham
58%
Marsh Barton
56%
Exton
55%
Lympstone Village
55%
Digby & Sowton
50%
Devonport
48%
Pinhoe
45%
Polsloe Bridge
45%
Cranbrook
42%
Newcourt
42%
Feniton
41%
Newton St Cyres
38%
Dockyard
36%
Portsmouth Arms
36%
St Budeaux Victoria Road
36%
Whimple
36%
Bere Alston
35%
St Budeaux Ferry Road
35%
Umberleigh
33%
Bere Ferrers
32%
Eggesford
32%
Keyham
32%
Yeoford
30%
Lapford
29%
Chapelton
26%
Copplestone
26%
Morchard Road
23%
Kings Nympton
21%
No matching quizzes found
Score Distribution
Percent of People with Each Score
Percentile by Number Answered
Your Score History
You have not taken this quiz